|
|
|
|
| LEADER |
01339nam a2200385Ia 4500 |
| 001 |
EBC818958 |
| 003 |
MiAaPQ |
| 005 |
20200520144314.0 |
| 006 |
m o d | |
| 007 |
cr cn||||||||| |
| 008 |
110715s2011 njua sb 001 0 eng d |
| 010 |
|
|
|z 2011029936
|
| 020 |
|
|
|z 9781118043233
|
| 020 |
|
|
|z 9781118169612
|
| 020 |
|
|
|z 1118043235
|
| 035 |
|
|
|a (MiAaPQ)EBC818958
|
| 035 |
|
|
|a (Au-PeEL)EBL818958
|
| 035 |
|
|
|a (CaPaEBR)ebr10510356
|
| 035 |
|
|
|a (CaONFJC)MIL328295
|
| 035 |
|
|
|a (OCoLC)762325181
|
| 040 |
|
|
|a MiAaPQ
|c MiAaPQ
|d MiAaPQ
|
| 050 |
|
4 |
|a HD9000.4
|b .B485 2011
|
| 082 |
0 |
4 |
|a 363.8
|2 23
|
| 100 |
1 |
|
|a Bjerga, Alan.
|
| 245 |
1 |
0 |
|a Endless appetites
|h [electronic resource] :
|b how the commodities casino creates hunger and unrest /
|c Alan Bjerga.
|
| 260 |
|
|
|a Hoboken, N.J. :
|b Bloomberg Press,
|c c2011.
|
| 300 |
|
|
|a xii, 196 p. :
|b ill.
|
| 490 |
0 |
|
|a Bloomberg ;
|v 151
|
| 504 |
|
|
|a Includes bibliographical references and index.
|
| 533 |
|
|
|a Electronic reproduction. Ann Arbor, MI : ProQuest, 2015. Available via World Wide Web. Access may be limited to ProQuest affiliated libraries.
|
| 650 |
|
0 |
|a Food prices.
|
| 650 |
|
0 |
|a Food security.
|
| 655 |
|
4 |
|a Electronic books.
|
| 710 |
2 |
|
|a ProQuest (Firm)
|
| 856 |
4 |
0 |
|u https://ebookcentral.proquest.com/lib/matrademy/detail.action?docID=818958
|z Click to View
|